DJMag top 100 2014 - Statistics

General Stats
  • This quiz has been taken 5 times
  • The average score is 23 of 100
Answer Stats
Hint Answer % Correct
6 Avicii
100%
11 Calvin Harris
100%
5 Tiësto
100%
12 Afrojack
75%
15 Alesso
75%
3 Armin Van Buuren
75%
29 Axwell
75%
7 David Guetta
75%
16 Deadmau5
75%
2 Dimitri Vegas & Like Mike
75%
1 Hardwell
75%
4 Martin Garrix
75%
34 Oliver Heldens
75%
39 Sebastian Ingrosso
75%
28 Aly & Fila
50%
13 Blasterjaxx
50%
14 Dash Berlin
50%
19 Deorro
50%
32 Diplo
50%
20 DVBBS
50%
53 Knife Party
50%
33 Krewella
50%
50 Laidback Luke
50%
21 Nervo
50%
8 Nicky Romero
50%
9 Skrillex
50%
10 Steve Aoki
50%
81 3lau
25%
25 Above & Beyond
25%
24 Andrew Rayel
25%
37 Angerfist
25%
58 ATB
25%
87 Borgeous
25%
43 Daft Punk
25%
30 Dannic
25%
35 Fedde le Grand
25%
40 Headhunterz
25%
46 Kaskade
25%
63 MAKJ
25%
44 Markus Schulz
25%
38 Paul Van Dyk
25%
23 R3hab
25%
17 Showtek
25%
26 Steve Angello
25%
31 Ummet Ozcan
25%
36 Vicetone
25%
18 W & W
25%
22 Zedd
25%
77 Zomboy
25%
99 Arty
0%
88 Audien
0%
96 Bingo Players
0%
41 Borgore
0%
89 Boy George
0%
47 Brennan Heart
0%
59 Carl Cox
0%
68 Carnage
0%
92 Code Black
0%
48 Coone
0%
69 Cosmic Gate
0%
52 Dada Life
0%
66 Da Tweekaz
0%
70 Diego Miranda
0%
54 Dillon Francis
0%
78 DJ Bl3nd
0%
65 DJ Snake
0%
82 Don Diablo
0%
27 Dyro
0%
60 Eric Prydz
0%
100 Felguk
0%
91 Ferry Corsten
0%
56 Firebeatz
0%
45 Frontliner
0%
61 Gabry Ponte
0%
74 Gareth Emery
0%
93 Heatbeat
0%
49 Infected Mushroom
0%
98 John O'Callaghan
0%
42 Kura
0%
83 Madeon
0%
94 Merk & Kremont
0%
85 Mike Candys
0%
67 Noisecontrollers
0%
79 Orjan Nilsen
0%
57 Porter Robinson
0%
72 Quentin Mosimann
0%
86 Quintino
0%
64 Radical Redemption
0%
90 Richie Hawtin
0%
51 Sander Van Doorn
0%
73 Tenishia
0%
97 The Chainsmokers
0%
76 Tiddey
0%
80 TJR
0%
75 Umek
0%
62 VINAI
0%
95 Wildstylez
0%
84 Wolfpack
0%
55 Yves V
0%
71 Zatox
0%
No matching quizzes found
Score Distribution
Percent of People with Each Score
Percentile by Number Answered
Your Score History
You have not taken this quiz